Royal Families of the World quiz - Statistics

General Stats
  • This quiz has been taken 67 times
  • The average score is 10 of 57
Answer Stats
Country Royal family % Correct
UK Windsor
85%
Commonwealth Countries Windsor
85%
Spain Bourbon
64%
Russia Romanov
62%
Germany Hohenzollern
56%
Italy Savoy
42%
Sweden Bernadotte
36%
China Qing
35%
France Bonaparte
33%
Portugal Braganza
33%
Iran Pahlavi
33%
Saudi Arabia Saudi
33%
Turkey Osman
31%
Bavaria Wittelsbach
31%
Monaco Grimaldi
29%
Brazil Braganza
27%
Austria Habsburg-Lorraine
20%
Hungary Habsburg-Lorraine
20%
Mexico Habsburg-Lorraine
20%
Iraq Hashemite
20%
Korea Joseon
20%
Liechtenstein Liechtenstein
20%
The Netherlands Orange-Nassau
20%
Greece Schleswig-Holstein-Sonderburg-Glücksburg
18%
Iceland Oldenburg
16%
Denmark Oldenburg
16%
Nepal Shah
13%
Bahrain Al Khalifa
9%
Qatar Al Thani
9%
Bhutan Wangchuck
9%
Albania Zogu
9%
Serbia Karađorđević
7%
Yugoslavia Karađorđević
7%
Montenegro Petrovic Njegoš
5%
Egypt Alawita
4%
Oman Al bu Sa'Id
4%
Croatia Aosta-Savoy
4%
Thailand Chakri
4%
Jordan hatshemit
4%
Romania Hohenzollern-Sigmaringen
4%
Luxembourg Nassau-Weilburg
4%
Malaysia Pahang
4%
Bulgaria Saxony-Coburg-Gotha
4%
Belgium Saxony-Coburg-Gotha
4%
Libya Senoussi
4%
Ethiopia Solomonic
4%
Lithuania Urach
4%
Morocco Alawites
2%
Burundi Baganwa
2%
Afghanistan Barakzai
2%
Swaziland Dlamini
2%
Finland Hesse-Kassel
2%
Tunisia Husaynidi
2%
Laos Khun Lo
2%
Vietnam Nguyễn
2%
Lesotho Seeiso
2%
Tonga Tupou
2%
No matching quizzes found
Score Distribution
Percent of People with Each Score
Percentile by Number Answered
Your Score History
You have not taken this quiz